| 000 | 01856nam a2200301 i 4500 | ||
|---|---|---|---|
| 001 | 152429 | ||
| 003 | ES-MaACL | ||
| 005 | 20230906204735.0 | ||
| 008 | 050728s1681 gw f |||| | ita d | ||
| 040 |
_aCAM _bspa _cCAM |
||
| 100 | 1 |
_aArconati Lamberti, Giovanni Gerolamo ( _d1645-1733) _9163363 |
|
| 245 | 1 | 3 |
_aLa chiave del gabinetto / _cdel cavagliere Gioseppe Francesco Borri ... ; aggiuntavi una relazione esatta della sua vita. |
| 260 |
_aA Colonia : _bAppo Pietro del Martello, _c1681. |
||
| 300 |
_a2 pt. ([23] p., [1] en bl., 382, [1] p., [3] en bl. ; 255, [5] p. ; _c14 cm. |
||
| 505 | 8 |
_aContiene: ; _tBreve relazione della vita del cavagliere Gioseppe Francesco Borri milanese, con port. propia, p. [333]-380, de la pt. 1 |
|
| 530 | _aDisponible en formato digital. | ||
| 594 | _aObra atribuida a Giuseppe Francesco Borri; pero corresponde a Giovanni Girolamo Arconati Lamberti (cfr. DBI, v. 13, p. 12) | ||
| 594 | _aTít. de la pt. 2, con port. propia: Istruzioni politiche del cavagliere Gioseppe Francesco Borri milanese. Date al re' di Danimarca. | ||
| 596 | _aLugar y nombre de imp. falsos. Probable lugar de publ.: Ginevra (cfr. P. Bayle, Dictionnaire historique et critique, Amsterdam, 1730, v. 1, p. 616) | ||
| 596 | _aPortadas con grabado xilográfico, posible marca tipográfica (esfera armilar) | ||
| 597 | _aSign.: ¶¹², A-Q¹² ; A-L10. | ||
| 700 | 1 |
_aBorri, Giuseppe Francesco. _930605 |
|
| 700 | 1 |
_aMarteau, Pierre. _9129548 |
|
| 740 | 0 | 2 | _aBreve relazione della vita del cavagliere Gioseppe Francesco Borri milanese. |
| 740 | 0 | 2 | _aIstruzioni politiche del cavagliere Gioseppe Francesco Borri milanese. Date al re' di Danimarca. |
| 852 |
_aES-MaACL _jR-623 _z- Enc. hol. _x Olim: D-3991 |
||
| 856 |
_uhttp://www.europeana.eu/portal/es/search?f%5BTYPE%5D%5B%5D=TEXT&q=La+chiave+del+gabinetto+ _zEuropeana |
||
| 999 |
_c152429 _d152429 |
||